Generácia "Husákových detí" si rada priplatí za kvalitu
Husákove deti sú dnes jednou z najsolventnejších cieľových skupín. Aké je ich nákupné správanie, či technologické preferencie.
Salvato in:
| Autore principale: | |
|---|---|
| Natura: | Capitolo di libro |
| Lingua: | slovacco |
| Soggetti: | |
| Tags: |
Nessun Tag, puoi essere il primo ad aggiungerne!!
|
MARC
| LEADER | 00000naa a2200000 4500 | ||
|---|---|---|---|
| 001 | 0200653 | ||
| 005 | 20231208070711.1 | ||
| 041 | 0 | |a slo | |
| 044 | |a SK | ||
| 245 | 1 | 0 | |a Generácia "Husákových detí" si rada priplatí za kvalitu |c Renata Môciková |
| 520 | |a Husákove deti sú dnes jednou z najsolventnejších cieľových skupín. Aké je ich nákupné správanie, či technologické preferencie. | ||
| 610 | 2 | 0 | |a generácie |
| 610 | 2 | 0 | |a správanie spotrebiteľa |
| 610 | 2 | 0 | |a preferencie spotrebiteľské |
| 610 | 2 | 0 | |a kúpyschopnosť |
| 100 | 1 | |a Môciková, Renata | |